I care a lot / directed and written by J Blakeson ; produced by Teddy Schwarzman, Ben Stillman. Michael Heimler, J Blakeson. (Record no. 20861)

000 -LEADER
fixed length control field 01388nam a22002417a 4500
008 - FIXED-LENGTH DATA ELEMENTS--GENERAL INFORMATION
fixed length control field 250527b xxu||||| |||| 00| 0 eng d
050 ## - LIBRARY OF CONGRESS CALL NUMBER
Classification number 791.4372
Item number I12 2024
245 ## - TITLE STATEMENT
Title I care a lot / directed and written by J Blakeson ; produced by Teddy Schwarzman, Ben Stillman. Michael Heimler, J Blakeson.
260 ## - PUBLICATION, DISTRIBUTION, ETC. (IMPRINT)
Place of publication, distribution, etc United States :
Name of publisher, distributor, etc Netflix,
Date of publication, distribution, etc 2020.
300 ## - PHYSICAL DESCRIPTION
Extent 1 videofile, (ca. 118 mins.) :
Other physical details sound, color.
520 ## - SUMMARY, ETC.
Summary, etc Poised with sharklike self-assurance, Marla Grayson is a professional, court-appointed guardian for dozens of elderly wards whose assets she seizes and cunningly bilks through dubious but legal means. It's a well-oiled racket that Marla and her business-partner and lover, Fran, use with brutal efficiency on their latest "cherry," Jennifer Peterson - a wealthy retiree with no living heirs or family. But when their mark turns out to have an equally shady secret of her own and connections to a volatile gangster, Marla is forced to level up in a game only predators can play - one that's neither fair, nor square.
650 ## - SUBJECT ADDED ENTRY--TOPICAL TERM
Topical term or geographic name as entry element Comedy.
650 ## - SUBJECT ADDED ENTRY--TOPICAL TERM
Topical term or geographic name as entry element Drama.
650 ## - SUBJECT ADDED ENTRY--TOPICAL TERM
Topical term or geographic name as entry element Thriller.
650 ## - SUBJECT ADDED ENTRY--TOPICAL TERM
Topical term or geographic name as entry element Crime.
700 ## - ADDED ENTRY--PERSONAL NAME
Personal name Pike, Rosemund, star.
700 ## - ADDED ENTRY--PERSONAL NAME
Personal name González, Eiza, star.
700 ## - ADDED ENTRY--PERSONAL NAME
Personal name Dinklage, Peter, star.
700 ## - ADDED ENTRY--PERSONAL NAME
Personal name Messina, Chris, star.
700 ## - ADDED ENTRY--PERSONAL NAME
Personal name Wiest, Dianne, star.
700 ## - ADDED ENTRY--PERSONAL NAME
Personal name Emmett, Doug, cinematographer.
942 ## - ADDED ENTRY ELEMENTS (KOHA)
Source of classification or shelving scheme
Item type Audio-Visual Materials
Holdings
Price effective from Permanent location Date last seen Not for loan Date acquired Source of classification or shelving scheme Koha item type Damaged status Lost status Withdrawn status Current location Full call number
2025-05-29Cagayan State University - Carig Library2025-05-29 2025-05-29 Audio-Visual Materials   Cagayan State University - Carig Library791.4372 I12 2024

Cagayan State University University Library, Carig Campus
Tuguegarao City, Cagayan 3500 | www.csucarig.edu.ph

Powered by Koha